Footballers who have played for both these clubs - Statistics

General Stats
  • This quiz has been taken 46 times
    12 since last reset
  • The average score is 5 of 8
Answer Stats
Hint Answer % Correct
Argentina Sergio Aguero
92%
Germany Ilkay Gundogan
83%
Ivory Coast Yaya Toure
83%
Portugal Joao Cancelo
58%
Chile Claudio Bravo
50%
Spain Ferran Torres
50%
Spain Eric Garcia
25%
Spain Nico Gonzalez
8%
No matching quizzes found
Score Distribution
Percent of People with Each Score
Percentile by Number Answered
Your Score History
You have not taken this quiz since the last reset